| 000 | 01055nas a2200337 4500 | ||
|---|---|---|---|
| 001 | BR2012003412 | ||
| 003 | BR-BrBNA | ||
| 005 | 20231205120538.0 | ||
| 007 | ta | ||
| 008 | 230509b bl.|||p| |||| 00| 00por d | ||
| 040 |
_aBR-BrBNA _bpor _cBiblioteca Nacional de Agricultura |
||
| 041 | _a(Pt) | ||
| 072 | _aP34; F08 | ||
| 100 | 1 | _aCorrêa, F.L. de O. | |
| 100 | 1 | _aCaproni, A.L. | |
| 100 | 1 | _aGranha, J.R. | |
| 100 | 1 | _aMuller, M.W. | |
| 245 | 1 | _aFauna edáfica em sistema agroflorestal multiestratificado em Rondônia, Brasil | |
| 246 | 1 | _aSoil fauna in an multistrata agroforestry system in Rondonia state, Brazil | |
| 650 | _aFAUNA EDÁFICA | ||
| 650 | _aSOLO | ||
| 650 | _aBIOLOGIA DO SOLO | ||
| 650 | _aBIODIVERSIDADE | ||
| 650 | _aSISTEMA DE PRODUÇÃO | ||
| 650 | _aPRODUÇÃO | ||
| 650 | _aFLORESTA | ||
| 773 | 0 |
_tAgrotrópica (Brazil) _xISSN 0103-3816 _g(May-Dec 2011), v. 23(2-3) p. 125-134 _wBR2012003412 |
|
| 856 | 4 | 0 | _dLink DSPACE/MAPA BR2012003412 |
| 909 |
_a202311 _bLúcia _c55 _dLúcia Elande |
||
| 942 |
_2AGRIS _n0 _cANA |
||
| 999 |
_c219054 _d219054 |
||